000 00373nam a2200145Ia 4500
008 220803s9999 xx 000 0 und d
020 _a9781634159364
041 _aeng
082 _a720.22 SHA
100 _aSharma S.
_926316
245 _aArchi Talks : Architectural Opinions.
260 _aChandigarh
_bWhite Falcon
_c2015
300 _a180p
650 _aResearch
_926317
999 _c16867
_d16867